Place and the politics of identity /
Guardado en:
| Autor Principal: | |
|---|---|
| Otros Autores: | |
| Formato: | Libro |
| Publicado: |
London, New York :
Routledge,
1993
|
| Materias: | |
| Etiquetas: |
Agregar Etiqueta
Sin Etiquetas, Sea el primero en etiquetar este registro!
|
| LEADER | 00496nam a22001695a 4500 | ||
|---|---|---|---|
| 001 | EHU.bham022621 | ||
| 003 | AR-BHAM | ||
| 005 | 20101125120244.0 | ||
| 008 | 130507s1993##################000#0#####d | ||
| 082 | 3 | 0 | |a 301 |
| 100 | 1 | |a Keith, Michael | |
| 245 | 1 | 0 | |a Place and the politics of identity / |c Michael Keith , Steve Pile , |
| 260 | |a London, New York : |b Routledge, |c 1993 | ||
| 300 | |a 235p. | ||
| 653 | |a Sociologia | ||
| 700 | 1 | |a Pile, Steve | |
| 859 | |a AR-BHAM |b BIB. HUMANIDADES - General |h 301 |i K269 |p 299.99 |t Ej.1 | ||
